000 01097nac a22003257a 4500
001 BR9300906
003 BR-BrBNA
005 20240105121419.0
008 230509b bl.|||m| |||| 00| 0 por d
040 _aBR-BrBNA
_bpor
_cBiblioteca Nacional de Agricultura
072 _aF01; P33; Q54
090 _a1910 BR9300906
100 1 _aComastri Filho, J.A.
110 1 _aUnidade de Execucao de Pesquisa de Ambito Estadual de Corumba, MS (Brasil)
_910360
245 1 _aPastagens nativas e cultivadas no Pantanal Mato-Grossense
260 3 _aCorumba, MS (Brasil):
_c1984.
300 _a48 p.
490 _aCircular Tecnica - Unidade de Execucao de Pesquisa de Ambito Estadual de Corumba (Brazil)
_vno. 13
_xISSN 0100-7866
500 _a39 ref.; 6 tables; 7 illus.; Summaries (En, Pt)
650 _aBovino
650 _aPastagem
650 _aFisica do Solo
650 _aFertilidade do Solo
650 _aManejo
650 _aNutricao Animal
650 _aValor Nutritivo
650 _aMato Grosso do Sul
909 _a202312
_bLúcia Elande
_c55
_dLúcia Elande
942 _2AGRIS
_n0
_cMS
999 _c285159
_d285159